000 00393 a2200121 4500
001 ART_11550
005 20260410161858.0
008 260409a
245 1 0 _aPolitical economy of a public corporation Pricing objetives of BART
100 1 _aCooter, Robert
700 1 _aTopakian, Gregory
773 0 _tJournal of public economics
_g- Vol. 13, NÂș 3 (jun. 1980)
_wREV11485
999 _c25631
_d25631